Normal view MARC view

Entry Título uniforme

Number of records used in: 26

001 - NÚMERO DE CONTROL

  • campo de control: 119237

003 - IDENTIFICADOR DE NÚMERO DE CONTROL

  • campo de control: OSt

005 - FECHA Y HORA DE LA ÚLTIMA TRANSACCIÓN

  • campo de control: 20250818235741.0

008 - ELEMENTOS DE DATO DE LONGITUD-FIJA

  • campo de control de longitud fija: 030523 n acnnnaaan n ann d

040 ## - FUENTE DE CATALOGACIÓN

  • Centro catalogador/agencia de origen: OSt
  • Centro/agencia transcriptor: OSt

130 #0 - ENCABEZAMIENTO--TÍTULO UNIFORME

  • Título uniforme: Biblia

430 #0 - TRAZADO DE VÉASE--TÍTULO UNIFORME

  • Título uniforme: Biblia sagrada

430 #0 - TRAZADO DE VÉASE--TÍTULO UNIFORME

  • Título uniforme: Sagrada Biblia

430 #0 - TRAZADO DE VÉASE--TÍTULO UNIFORME

  • Título uniforme: Sagrada Escritura

430 #0 - TRAZADO DE VÉASE--TÍTULO UNIFORME

  • Título uniforme: Santa Biblia